000 01832nam0a2200397 4500
001 RU\NLR\BIBL_A\012627603
005 20220120151123.0
010 _a978-5-17-135219-6
_93000
021 _aRU
_bКН-П-21-037846
_9КН-П-21-2947
035 _a(NLR Aleph) 012627603
090 _a12657232
_c12657232
100 _a20211021d2021 c y0rusy50 ca
101 0 _arus
102 _aRU
105 _aa|||z|||000ay
181 0 _ab3
_bxb2e
181 0 _ai1
_baxxe
182 0 _an
200 1 _aВспыш и Чудо-машинки
_iВетер приключений
_eосновано на серии "Эпический круиз" мультсериала "Вспыш и Чудо-машинки", сценарий Дастин Феррер
_e[для младшего школьного возраста]
_fФранк Берриос
_gпер. с англ. Екатерины Пужаевой
_gиллюстратор: Беджамин Берч
_gNickelodeon
203 _aИзображение
_aТекст
_bвизуальные
_cнепосредственные
210 _aМосква
_cАСТ
_d2021
215 _a[27] с.
_cцв. ил.
_d29
225 1 _aСерия "Вспыш и чудо-машинки. Истории"
300 _aНа обл. авт. не указан
333 _a0+; 6-
500 1 0 _aВспыш и чудо-машинки
_lМультсериал
686 0 _aШ9(7США)60-4
700 1 _aБерриос
_bФ.
_gФранк
_3RU\NLR\AUTH\770238343
702 1 _aБерч
_bБ.
_gБеджамин
712 0 2 _a"Nickelodeon", детский телевизионный канал
_cСША
_3RU\NLR\AUTH\8810219243
_4570
942 _cBOOK
980 _aNB